000 00516cam a22002171 4500
001 sa 65008622
003 DLC
005 20260227112156.0
008 890630s1963 ii 000 0 kano
010 _asa 65008622
035 _a(OCoLC)19954158
040 _aDLC
_cWaU
_dDLC
042 _apremarc
050 0 0 _aPK2095.S8
_bZ7
100 1 _aKr̥ṣṇamūrti, M. S.
245 1 0 _aSūradāsa.
260 _c1963.
300 _av, 88 p.
_c17 cm.
500 _aIn Kannada.
600 0 0 _aSūradāsa,
_d1483?-1563?
999 _c65740
_d65740